00374nam a2200121Ia 4500003000400000005001700004008004100021040001800062041000800080100003900088245009000127260003500217OSt20260124115450.0211028s2017 xx 000 0 und d cAIMIT LIBRARY aeng aMahesh, H; Dhananjaya, K.g1516080 aStudy on sales and promotion at max motors hero (motocorp) pvt ltd Bangalore-560010 / aMangalorebDhananjaya K.c2017